Tourism in India (most pressing problems); Journal of Economics and Social Sciences; № 2

গ্রন্থ-পঞ্জীর বিবরন
Parent link:Journal of Economics and Social Sciences: electronic scientific journal.— , 2012-.— 2312-2978
№ 2.— 2013.— [3 p.]
প্রধান লেখক: Munkhtogtokh D. B.
সংস্থা লেখক: Национальный исследовательский Томский политехнический университет (ТПУ) Институт социально-гуманитарных технологий (ИСГТ) Кафедра иностранных языков (ИЯСГТ)
অন্যান্য লেখক: Demidova O. M. Olga Mikhailovna (научный руководитель)
সংক্ষিপ্ত:Title screen
This paper aims to Indian tourism problems; especially what influences tourists, what makes them don’t travel to India and many other problems. The paper suggests how to fix the problems in India?s tourism and focuses on the nearest future plan and what would be the big move in the future.
В статье рассматривается туристические проблемы в Индии, оссобенно рассказывается о тех проблемах, из за чего не ездят туристы в эту страну. В работе показано, как исправить эти туристичесие проблемы Индии, чтобы исправить их и привлекать множество туристов.
ভাষা:ইংরেজি
প্রকাশিত: 2013
মালা:Социологические науки
বিষয়গুলি:
অনলাইন ব্যবহার করুন:http://earchive.tpu.ru/handle/11683/21748
বিন্যাস: বৈদ্যুতিক গ্রন্থের অধ্যায়
KOHA link:https://koha.lib.tpu.ru/cgi-bin/koha/opac-detail.pl?biblionumber=537066

MARC

LEADER 00000naa2a2200000 4500
001 537066
005 20231220120348.0
035 |a (RuTPU)RU\TPU\prd\226385 
035 |a RU\TPU\prd\226384 
090 |a 537066 
100 |a 20141124a2013 k y0rusy50 ba 
101 0 |a eng 
102 |a RU 
135 |a drcn ---uucaa 
181 0 |a i  
182 0 |a b 
200 1 |a Tourism in India (most pressing problems)  |f D. B. Munkhtogtokh  |g lang. adv. O. M. Demidova 
203 |a Text  |c electronic 
215 |a 1 файл (98 Кб) 
225 1 |a Социологические науки 
300 |a Title screen 
320 |a [References: 4 tit.] 
330 |a This paper aims to Indian tourism problems; especially what influences tourists, what makes them don’t travel to India and many other problems. The paper suggests how to fix the problems in India?s tourism and focuses on the nearest future plan and what would be the big move in the future. 
330 |a В статье рассматривается туристические проблемы в Индии, оссобенно рассказывается о тех проблемах, из за чего не ездят туристы в эту страну. В работе показано, как исправить эти туристичесие проблемы Индии, чтобы исправить их и привлекать множество туристов. 
453 |a Мунхтогтох, Д. Б. 
461 1 |0 (RuTPU)RU\TPU\prd\225573  |x 2312-2978  |t Journal of Economics and Social Sciences  |o electronic scientific journal  |d 2012- 
463 1 |0 (RuTPU)RU\TPU\prd\226192  |t № 2  |v [3 p.]  |d 2013 
610 1 |a beauty of nature 
610 1 |a plan 
610 1 |a Indian tourism 
610 1 |a tourism problems 
700 1 |a Munkhtogtokh  |b D. B. 
702 1 |a Demidova  |b O. M.  |c Linguist  |c Senior Lecturer of Tomsk Polytechnic University  |f 1978-  |g Olga Mikhailovna  |3 (RuTPU)RU\TPU\pers\31682  |4 727  |9 15813 
712 0 2 |a Национальный исследовательский Томский политехнический университет (ТПУ)  |b Институт социально-гуманитарных технологий (ИСГТ)  |b Кафедра иностранных языков (ИЯСГТ)  |3 (RuTPU)RU\TPU\col\18376 
801 1 |a RU  |b 63413507  |c 20090623  |g PSBO 
801 2 |a RU  |b 63413507  |c 20160921  |g PSBO 
856 4 |u http://earchive.tpu.ru/handle/11683/21748 
942 |c BK